• 首页
  • 本馆介绍
  • 公告通知
  • 最新文献
  • 馆藏检索
  • 电子资源
  • 读者导购
  • 参考咨询
  • 我的图书馆
  • 登录
  • 详细信息显示
  • 放入我的书架
  • 预约/预借图书
  • 作者相关作品
  • 分类相关作品
  • 丛书相关作品
  • 出版社相关作品

书目信息

  • 表格格式
  • 工作单格式
  • 卡片格式
题名:
大洋洲木材图鉴
    
 
作者: 袁绯玭 编著
分册:  
出版信息: 北京   中国林业出版社  2021.1
页数: 232页
开本: 29cm
丛书名:
单 册:
中图分类: S781.1
科图分类:
主题词: 木材识别--大洋洲--图谱
电子资源:
ISBN: 978-7-5219-0952-4
000 00993nam0 2200265 45
001 012001001825
005 20140912141613.0
010    @a978-7-5219-0952-4@b精装@dCNY398.00
100    @a20210429d2021 em y0chiy50 ea
101 0  @achi@alat
102    @aCN@b110000
105    @aa z 001yy
106    @ar
200 1  @a大洋洲木材图鉴@Ada yang zhou mu cai tu jian@b专著@dIdentification atlas of oceanian timber@f袁绯玭[等]编著@zeng
210    @a北京@c中国林业出版社@d2021.1
215    @a232页@d29cm
300    @a并列题名:Identification atlas of oceanian timber
304    @a主编还有:姚若灵、孙书冬、罗炘
330    @a本书以图谱形式编著,共收录了大洋洲地区427种优质商品材,隶属于69科208属。内容主要由木材的宏观及微观构造照片构成,图文并茂、科学实用。
510 1  @aIdentification atlas of oceanian timber@zeng
606 0  @a木材识别@y大洋洲@j图谱
690    @aS781.1@v5
701  0 @a袁绯玭@Ayuan fei pi@4编著
801  0 @aCN@bBJSDL@c20211011
905    @b1337363-5@dS781.1@e160@f3
    
    大洋洲木材图鉴=Identification atlas of oceanian timber/袁绯玭[等]编著.-北京:中国林业出版社,2021.1
    232页;29cm
    并列题名:Identification atlas of oceanian timber
    
    ISBN 978-7-5219-0952-4(精装):CNY398.00
    本书以图谱形式编著,共收录了大洋洲地区427种优质商品材,隶属于69科208属。内容主要由木材的宏观及微观构造照片构成,图文并茂、科学实用。
●
相关链接 在E读中查询图书 在五车中查询图书 在当当中查询图书 在豆瓣中查询图书


正题名:大洋洲木材图鉴     索取号:S781.1/160         预约/预借

序号 登录号 条形码 馆藏地/架位号 状态 备注
1 1337363   213373632   第二样本阅览室/ [索取号:S781.1/160] 在馆    
2 1337364   213373641   第三借阅区/ [索取号:S781.1/160] 在馆    
3 1337365   213373650   第三借阅区/ [索取号:S781.1/160] 在馆    
唐山师范学院图书馆 欢迎您!
大连网信软件有限公司© 版权所有